Central Library OPAC University of Rajshahi
Normal view MARC view

Entry Topical Term

Number of records used in: 4

001 - CONTROL NUMBER

  • control field: 6032

003 - CONTROL NUMBER IDENTIFIER

  • control field: BD-RjUL

005 - DATE AND TIME OF LATEST TRANSACTION

  • control field: 20221127110240.0

008 - FIXED-LENGTH DATA ELEMENTS

  • fixed length control field: 221127|| aca||aabn | a|a d

040 ## - CATALOGING SOURCE

  • Original cataloging agency: BD-RjUL
  • Transcribing agency: BD-RjUL

150 ## - HEADING--TOPICAL TERM

  • Topical term or geographic name entry element: Magnoliopsida
  • General subdivision: Fagales

670 ## - SOURCE DATA FOUND

  • Source citation: Work cat.: (BD-RjUL)80849: Sikdar, Biswanth 6031, INDUCTION AND COMPARISON OF INDUCED AND NATURAL POLYPLOIDS OF MOMORDICA DIOICA :, 2001